[Event "Dewan Astana Karnival op (Women)"]
[Site "Dewan Astana"]
[Date "2015.07.30"]
[Round "2"]
[White "Najihah, Mohd Saufi"]
[Black "Nur, Farihah Aminuddin"]
[Result "1-0"]
[WhiteElo "1621"]
[BlackElo "1334"]
[PlyCount "85"]
[EventDate "2015.07.29"]
[EventType "swiss"]
[EventRounds "7"]
[EventCountry "MAS"]
[SourceTitle "EXT 2017"]
[Source "ChessBase"]
[SourceDate "2016.10.25"]
[SourceVersion "1"]
[SourceVersionDate "2016.10.25"]
[SourceQuality "1"]

1. e4 c6 2. d4 d5 3. exd5 cxd5 4. Bd3 Nf6 5. Nf3 Bg4 6. 0-0 e6 7. h3 Bxf3 8. Qxf3 Be7 9. c3 0-0 10. Bf4 Bd6 11. Bg5 Nbd7 12. Nd2 Qb6 13. Nb3 Rac8 14. Qe2 a6 15. Rab1 Qc7 16. Nd2 h6 17. Be3 Nb6 18. Rfc1 Bf4 19. Qf3 Bxe3 20. Qxe3 Qd6 21. f4 Nc4 22. Bxc4 dxc4 23. Qe5 Qxe5 24. fxe5 Nd5 25. Rf1 f5 26. exf6 Rxf6 27. Rxf6 Nxf6 28. Re1 Rc6 29. Kf2 b5 30. Kf3 Kf7 31. g4 g5 32. Ne4 Nxe4 33. Kxe4 Kf6 34. Rf1+ Ke7 35. Ke5 Rd6 36. Rf7+ Kxf7 37. Kxd6 Kf6 38. Kc6 e5 39. d5 e4 40. d6 e3 41. d7 e2 42. d8Q+ Kg6 43. Qe8+ 1-0

[Event "Dewan Astana Karnival op (Women)"]
[Site "Dewan Astana"]
[Date "2015.07.30"]
[Round "3"]
[White "Nurwahida, Atira Nordin"]
[Black "Najihah, Mohd Saufi"]
[Result "1/2-1/2"]
[WhiteElo "1483"]
[BlackElo "1621"]
[PlyCount "100"]
[EventDate "2015.07.29"]
[EventType "swiss"]
[EventRounds "7"]
[EventCountry "MAS"]
[SourceTitle "EXT 2017"]
[Source "ChessBase"]
[SourceDate "2016.10.25"]
[SourceVersion "1"]
[SourceVersionDate "2016.10.25"]
[SourceQuality "1"]

1. c4 e6 2. Nc3 Nf6 3. Nf3 Nc6 4. g3 d5 5. cxd5 Nxd5 6. Bg2 Bc5 7. 0-0 0-0 8. a3 h6 9. Qc2 Nd4 10. Nxd4 Bxd4 11. b4 c6 12. Bb2 Bf6 13. e3 Nb6 14. d3 Nd5 15. Rfd1 Bxc3 16. Bxc3 Nxc3 17. Qxc3 Qg5 18. Rac1 e5 19. d4 exd4 20. Rxd4 Rd8 21. Rcd1 Be6 22. Qd3 Rxd4 23. Qxd4 Qg4 24. Qxg4 Bxg4 25. Rd4 Be6 26. f4 Kf8 27. Kf2 Ke7 28. e4 Rd8 29. Ke3 f6 30. Rxd8 Kxd8 31. Kd4 Kd7 32. Bf3 g6 33. h4 Kd6 34. g4 b6 35. e5+ fxe5+ 36. fxe5+ Kd7 37. Be2 Bd5 38. Bd3 Bf7 39. Bc2 Ke6 40. Be4 Kd7 41. Bc2 Be6 42. g5 hxg5 43. hxg5 Bf7 44. Bd3 Ke7 45. Bc2 Be8 46. Bb3 Bf7 47. Bc2 Ke6 48. Bb3+ Ke7 49. Bc2 Kf8 50. Be4 Be8 1/2-1/2